Países que acaban en "Stán" - Muerte Súbita - Estadísticas

Estadísticas generales
  • Esta prueba ha sido intentada 69 veces
  • La puntuación promedio es 6 de 7
Answers on the Grid
Answers color-coded by a green-red scale on the quiz's grid according to % correct below.
Kirguistán
Azerbayistán
Bekistán
Drusistán
Afganistán
Aralistán
Karalistán
Uzbekistán
Sunistán
Pakistán
Yazidistán
Tayikistán
Salistán
Kazajistán
Tirguistán
Turkmenistán
Pelistán
Kilistán
 
Estadísticas de respuestas
Respuesta % Correcto
Kirguistán
98%
Afganistán
88%
Uzbekistán
88%
Kazajistán
86%
Pakistán
85%
Turkmenistán
83%
Tayikistán
80%
No se encontraron pruebas coincidentes
Distribución de puntuación
Porcentaje de gente con cada puntuación
Porcentaje por número respondido
Historial de tus puntuaciones
No has intentado esta prueba.